Normal view
MARC view
- Sharma, RS
Entry Personal Name
001 - CONTROL NUMBER
- control field: 6695
003 - CONTROL NUMBER IDENTIFIER
- control field: OSt
005 - DATE AND TIME OF LATEST TRANSACTION
- control field: 20250101115059.0
008 - FIXED-LENGTH DATA ELEMENTS
- fixed length control field: 250101|| aca||aabn | a|a d
040 ## - CATALOGING SOURCE
- Original cataloging agency: OSt
- Transcribing agency: OSt
100 ## - HEADING--PERSONAL NAME
- Personal name: Sharma, RS
670 ## - SOURCE DATA FOUND
- Source citation: Work cat.: (OSt)18806: Sharma, RS, Text Book of Engineering Chemistry
